Central Library OPAC University of Rajshahi

A Review of the imposed war by the Iraqi regime upon the Islamic Republic of Iran / (Record no. 64828)

MARC details
000 -LEADER
fixed length control field 00797nam a2200229 a 4500
001 - CONTROL NUMBER
control field 64828
003 - CONTROL NUMBER IDENTIFIER
rucl marc code BD-RjUL
005 - DATE AND TIME OF LATEST TRANSACTION
control field 20211209081344.0
008 - FIXED-LENGTH DATA ELEMENTS--GENERAL INFORMATION
fixed length control field 170223s1983 ir af b f000 0 eng
035 ## - SYSTEM CONTROL NUMBER
System control number (BD-RjUL) 64958
040 ## - CATALOGING SOURCE
Original cataloging agency DLC
Transcribing agency DLC
Modifying agency BD-RjUL
Language of cataloging eng
041 ## - LANGUAGE CODE
Language code of text/sound track or separate title eng
082 00 - DEWEY DECIMAL CLASSIFICATION NUMBER
Classification number 955.054
Edition number 23
Author mark and year REV 1983
245 12 - TITLE STATEMENT
Title A Review of the imposed war by the Iraqi regime upon the Islamic Republic of Iran /
260 ## - PUBLICATION, DISTRIBUTION, ETC. (IMPRINT)
Place of publication, distribution, etc. Tehran :
Name of publisher, distributor, etc. Legal Dept. of the Ministry of Foreign Affairs of Iran,
Date of publication, distribution, etc. 1983.
300 ## - PHYSICAL DESCRIPTION
Pagination xxix, 170 p. :
Illustrations ill. ;
Size 24 cm.
504 ## - BIBLIOGRAPHY, ETC. NOTE
Bibliography, etc Includes bibliographical references.
650 #0 - SUBJECT ADDED ENTRY--TOPICAL TERM
Topical term or geographic name as entry element Iran-Iraq War, 1980-1988
General subdivision Diplomatic history.
9 (RLIN) 192214
710 1# - ADDED ENTRY--CORPORATE NAME
Corporate name or jurisdiction name as entry element Iran.
Subordinate unit Vizārat-i Umūr-i Khārijah.
-- Legal Department.
9 (RLIN) 192215
942 ## - ADDED ENTRY ELEMENTS (KOHA)
Source of classification or shelving scheme Dewey Decimal Classification
Koha item type Books
Holdings
Lost status Source of classification or shelving scheme Damaged status Not for loan Collection code Permanent Location Current Location Shelving location Date acquired Source of acquisition Total Checkouts Full call number Date last seen Copy number Koha item type
  Dewey Decimal Classification   Not For Loan Non-fiction Central Library, University of Rajshahi Central Library, University of Rajshahi Reading Room 21/12/1983 Embesy of dram.   955.054 REV 1983 23/02/2017 C-1 Books